| 000 | 00804nam a2200217 4500 | ||
|---|---|---|---|
| 005 | 20250930135130.0 | ||
| 008 | 250930b |||||||| |||| 00| 0 eng d | ||
| 020 | _a9786214063482 | ||
| 082 | _aDFil 658.816 P260 2024 | ||
| 100 |
_aPasahol, Jhon Ven Saint Laqui _968243 |
||
| 245 |
_aMastering pricing and costing : _bstrategies for profitable business growth / _cJhon Ven Saint Laqui Pasahol and Hernan M. Oliveros. |
||
| 260 |
_aManila : _bMindshapers Co., Inc., _c©2024. |
||
| 300 |
_aviii, 208 pages : _billustrations ; _c25 cm. |
||
| 500 | _aIncludes references. | ||
| 650 | 0 |
_aActivity-based costing. _968244 |
|
| 650 | 0 |
_aManagerial accounting. _968245 |
|
| 650 | 0 |
_aCost accounting. _968246 |
|
| 650 | 0 |
_aPricing. _968247 |
|
| 700 |
_aOliveros, Hernan M., _eauthor. _968248 |
||
| 942 |
_2ddc _cDFIL |
||
| 999 |
_c23910 _d23910 |
||